| Tag |
First Indicator |
Second Indicator |
Subfields |
| LEADER |
00000cam a2200000Ii 4500 |
| 001 |
in00004368613 |
| 005 |
20220105170919.0 |
| 006 |
m o d |
| 007 |
cr cnu---unuuu |
| 008 |
210817s2021 gw ob 000 0 ger d |
| 020 |
|
|
|a 9783847416968
|q (electronic bk.)
|
| 020 |
|
|
|a 3847416960
|q (electronic bk.)
|
| 035 |
|
|
|a (OCoLC)on1264163299
|
| 035 |
|
|
|a (OCoLC)1264163299
|
| 037 |
|
|
|a 22573/ctv1v59288
|b JSTOR
|
| 040 |
|
|
|a JSTOR
|b eng
|e rda
|e pn
|c JSTOR
|d OCLCO
|d OCLCF
|d UtOrBLW
|
| 049 |
|
|
|a TXAM
|
| 050 |
|
4 |
|a HM636
|
| 072 |
|
7 |
|a SOC
|x 026000
|2 bisacsh
|
| 082 |
0 |
4 |
|a 306.4/613
|2 23
|
| 100 |
1 |
|
|a Gabriel, Sabine,
|e author.
|
| 245 |
1 |
0 |
|a Körper in biografieanalytischer Perspektive :
|b zum Verhältnis von Körper, Biografie und ihrer Erforschbarkeit /
|c Sabine Gabriel.
|
| 264 |
|
1 |
|a Opladen :
|b Verlag Barbara Budrich,
|c 2021.
|
| 300 |
|
|
|a 1 online resource.
|
| 336 |
|
|
|a text
|b txt
|2 rdacontent
|
| 337 |
|
|
|a computer
|b c
|2 rdamedia
|
| 338 |
|
|
|a online resource
|b cr
|2 rdacarrier
|
| 490 |
1 |
|
|a Qualitative Fall- und Prozessanalysen ;
|v Band 20
|
| 504 |
|
|
|a Includes bibliographical references.
|
| 588 |
0 |
|
|a PDF (JSTOR, viewed Aug. 17, 2021).
|
| 650 |
|
0 |
|a Human body.
|0 http://id.loc.gov/authorities/subjects/sh85015222
|
| 650 |
|
0 |
|a Body image.
|0 http://id.loc.gov/authorities/subjects/sh85015249
|
| 650 |
|
0 |
|a Body image in the performing arts.
|0 http://id.loc.gov/authorities/subjects/sh2010012313
|
| 650 |
|
7 |
|a SOCIAL SCIENCE / Sociology / General.
|2 bisacsh
|
| 650 |
|
7 |
|a Body image.
|2 fast
|0 (OCoLC)fst00835344
|
| 650 |
|
7 |
|a Body image in the performing arts.
|2 fast
|0 (OCoLC)fst01763084
|
| 650 |
|
7 |
|a Human body.
|2 fast
|0 (OCoLC)fst01730057
|
| 655 |
|
7 |
|a Electronic books.
|2 local
|
| 710 |
2 |
|
|a JSTOR (Organization)
|0 http://id.loc.gov/authorities/names/no97001983
|
| 830 |
|
0 |
|a Qualitative Fall- und Prozessanalysen ;
|v Bd. 20.
|0 http://id.loc.gov/authorities/names/no2018017005
|
| 856 |
4 |
0 |
|u https://www.jstor.org/stable/10.2307/j.ctv1v7zc6x
|z Connect to the full text of this electronic book
|t 0
|
| 955 |
|
|
|a JSTOR Open Access ebooks
|
| 994 |
|
|
|a 92
|b TXA
|
| 999 |
f |
f |
|s 227d3744-a0aa-3bdb-93d6-8e40736338c4
|i 91d5b4f6-6050-369b-ad84-ebb643a95e95
|t 0
|
| 952 |
f |
f |
|a Texas A&M University
|b College Station
|c Electronic Resources
|d Available Online
|t 0
|e HM636
|h Library of Congress classification
|
| 998 |
f |
f |
|a HM636
|t 0
|l Available Online
|